[Event "European Individual Championship"]
[Site "Plovdiv BUL"]
[Date "2008.04.22"]
[EventDate "2008.04.21"]
[Round "2"]
[Result "1-0"]
[White "German Pankov"]
[Black "Dmitry Andreikin"]
[WhiteElo "2349"]
[BlackElo "2580"]
[PlyCount "131"]

1. d4 Nf6 2. c4 e6 3. Nf3 b6 4. g3 Bb7 5. Bg2 Be7 6. O-O O-O
7. Nc3 Ne4 8. Nxe4 Bxe4 9. Nd2 Bxg2 10. Kxg2 d5 11. cxd5 Qxd5+
12. Nf3 Nc6 13. Qd3 Nb4 14. Qc3 Qe4 15. Qe3 Qd5 16. Qc3 c5
17. a3 Nc6 18. dxc5 Bf6 19. Qd2 bxc5 20. Qxd5 exd5 21. Be3 c4
22. Rfd1 Bxb2 23. Ra2 c3 24. Rxd5 Rfd8 25. Rc5 Ne7 26. Ne1 Nd5
27. Bd4 Bc1 28. Nd3 Bd2 29. e3 Rac8 30. Rc2 a6 31. Rxc8 Rxc8
32. Ne5 f6 33. Nf3 Rc4 34. Nxd2 cxd2 35. Rxd2 Nc7 36. Kf3 Nb5
37. Bb2 Ra4 38. Rd3 Kf7 39. Ke2 Ke6 40. Rb3 g5 41. Rb4 Rxb4
42. axb4 f5 43. h3 h5 44. f3 Nd6 45. Kd3 Kd5 46. g4 hxg4
47. hxg4 fxg4 48. e4+ Ke6 49. fxg4 Nf7 50. Bg7 Nd6 51. Kd4 Nb7
52. Bh6 Nd8 53. Bg7 Nb7 54. e5 a5 55. b5 a4 56. Bf8 Na5
57. Bd6 Nb7 58. Kc4 a3 59. Kb3 Kd5 60. Kxa3 Kc4 61. Ka4 Kd4
62. Kb4 Kd5 63. Bc7 Nc5 64. Ka5 Kc4 65. Bd6 Nb3+ 66. Ka6 1-0

[Event "European Individual Championship"]
[Site "Plovdiv BUL"]
[Date "2008.04.24"]
[EventDate "2008.04.21"]
[Round "4"]
[Result "0-1"]
[White "Kiprian Berbatov"]
[Black "Dmitry Andreikin"]
[WhiteElo "2220"]
[BlackElo "2580"]
[PlyCount "52"]

1. e4 e5 2. Nf3 Nc6 3. Bb5 Nf6 4. O-O Nxe4 5. d4 Nd6 6. Bxc6
dxc6 7. dxe5 Nf5 8. Qxd8+ Kxd8 9. Nc3 Ke8 10. h3 Ne7 11. Ne4
Ng6 12. b3 h6 13. Bb2 Nf4 14. Rfe1 a5 15. Nd4 a4 16. Kh2 Ne6
17. Nxe6 fxe6 18. g4 Be7 19. Kg3 h5 20. Rf1 c5 21. f4 hxg4
22. hxg4 b6 23. f5 Bb7 24. Nc3 Rd8 25. Rad1 Rd4 26. Rxd4 cxd4
0-1

[Event "European Individual Championship"]
[Site "Plovdiv BUL"]
[Date "2008.05.01"]
[EventDate "2008.04.21"]
[Round "10"]
[Result "0-1"]
[White "Levan Pantsulaia"]
[Black "Dmitry Andreikin"]
[WhiteElo "2617"]
[BlackElo "2580"]
[PlyCount "70"]

1. c4 c5 2. g3 Nc6 3. Bg2 g6 4. h4 Nf6 5. Nc3 Bg7 6. Nh3 h6
7. Nf4 d6 8. a3 O-O 9. d3 Bg4 10. Rb1 Rc8 11. Bd2 b6 12. Ncd5
Nxd5 13. cxd5 Ne5 14. Bc3 b5 15. Qd2 Qb6 16. b3 Qa6 17. Ra1
Rc7 18. O-O h5 19. Qb2 Qb6 20. Qd2 b4 21. Bb2 bxa3 22. Bxa3
Rb8 23. Rfb1 Rcb7 24. Bb2 Qxb3 25. Bf1 Nc4 26. dxc4 Bxb2
27. Nd3 Bxa1 28. Rxb3 Rxb3 29. Kh2 Bf5 30. Qa2 Bd4 31. e3 Bxe3
32. Qxa7 Bxd3 33. Bxd3 Bxf2 34. Kg2 Bxg3 35. Bc2 R3b7 0-1

[Event "European Individual Championship"]
[Site "Plovdiv BUL"]
[Date "2008.05.02"]
[EventDate "2008.04.21"]
[Round "11"]
[Result "1/2-1/2"]
[White "Dmitry Andreikin"]
[Black "Evgeny Najer"]
[WhiteElo "2580"]
[BlackElo "2627"]
[PlyCount "44"]

1. Nf3 d5 2. d4 Nf6 3. c4 c6 4. e3 Bg4 5. h3 Bh5 6. Nc3 e6
7. Be2 Nbd7 8. O-O Bd6 9. b3 O-O 10. Bb2 Ne4 11. Nxe4 dxe4
12. Ne5 Bxe2 13. Qxe2 f5 14. Nxd7 Qxd7 15. f3 exf3 16. Rxf3
Rae8 17. Raf1 e5 18. dxe5 Bxe5 19. Bxe5 Rxe5 20. g4 Qe7
21. Qf2 Re8 22. Rxf5 Rxf5 1/2-1/2

[Event "European Club Cup"]
[Site "Kallithea GRE"]
[Date "2008.10.17"]
[EventDate "2008.10.17"]
[Round "1"]
[Result "0-1"]
[White "David J Ledger"]
[Black "Dmitry Andreikin"]
[WhiteElo "2254"]
[BlackElo "2603"]
[PlyCount "58"]

1. e4 c5 2. Nc3 a6 3. g3 b5 4. Bg2 Bb7 5. d3 e6 6. Nh3 h5
7. Bg5 Be7 8. Qd2 Nc6 9. e5 Qc7 10. f4 f6 11. exf6 gxf6
12. Bh4 b4 13. Ne2 Nh6 14. Be4 O-O-O 15. O-O-O d5 16. Bg6 Ng4
17. Bf7 Rd6 18. d4 cxd4 19. Nxd4 Nxd4 20. Qxd4 Rc6 21. Bg6 Bc5
22. Qd3 Qg7 23. Rhe1 Ne3 24. f5 Nxd1 25. Rxd1 e5 26. Qxd5 Kb8
27. Qb3 Rhc8 28. Kb1 Bd4 29. g4 Rxc2 0-1

[Event "European Club Cup"]
[Site "Kallithea GRE"]
[Date "2008.10.18"]
[EventDate "2008.10.17"]
[Round "2"]
[Result "1-0"]
[White "Dmitry Andreikin"]
[Black "Yuri Hambardzumian"]
[WhiteElo "2603"]
[BlackElo "2355"]
[PlyCount "77"]

1. c4 g6 2. d4 Nf6 3. Nc3 Bg7 4. e4 d6 5. Nf3 O-O 6. h3 c5
7. d5 e6 8. Bd3 exd5 9. exd5 Re8+ 10. Be3 Nbd7 11. O-O Nh5
12. Qd2 f5 13. Bg5 Bf6 14. Bxf6 Qxf6 15. Rfe1 Ne5 16. Nxe5
Rxe5 17. Rxe5 dxe5 18. a3 Bd7 19. b4 b6 20. bxc5 bxc5 21. Rb1
Qd6 22. Rb7 e4 23. Be2 Nf6 24. Nb5 Bxb5 25. cxb5 f4 26. Qc3 e3
27. f3 Nh5 28. a4 Re8 29. Rxa7 Re5 30. Rd7 Ng3 31. Bc4 Qf6
32. d6+ Kf8 33. Qxe5 Qxe5 34. Rf7+ Ke8 35. Re7+ Qxe7 36. dxe7
Nf5 37. b6 Nxe7 38. b7 Nc6 39. Bb5 1-0

[Event "European Club Cup"]
[Site "Kallithea GRE"]
[Date "2008.10.20"]
[EventDate "2008.10.17"]
[Round "4"]
[Result "1/2-1/2"]
[White "Dmitry Andreikin"]
[Black "Ivan Cabezas Ayala"]
[WhiteElo "2603"]
[BlackElo "2374"]
[PlyCount "115"]

1. c4 Nf6 2. Nc3 g6 3. e4 d6 4. d4 Bg7 5. Nf3 O-O 6. h3 e5
7. d5 a5 8. Be3 Na6 9. Nd2 Nd7 10. g4 Ndc5 11. g5 f5 12. h4
Bd7 13. h5 Rf7 14. Rh4 c6 15. hxg6 hxg6 16. exf5 Bxf5 17. Nde4
Nxe4 18. Nxe4 cxd5 19. Qxd5 Nb4 20. Qd2 d5 21. a3 Bxe4
22. axb4 axb4 23. Rxa8 Qxa8 24. cxd5 Qa1+ 25. Qd1 Qxd1+
26. Kxd1 Bxd5 27. Rxb4 Rc7 28. Bd3 Kf7 29. Be4 Bxe4 30. Rxe4
Ke6 31. Rb4 Kf5 32. Rb6 e4 33. Rb5+ Ke6 34. b3 Be5 35. Ke2 Rd7
36. Bd2 Bd4 37. Be3 Be5 38. f3 exf3+ 39. Kxf3 Rh7 40. Bf4 Bxf4
41. Kxf4 Rh4+ 42. Kg3 Rd4 43. Rxb7 Rd5 44. Kf4 Rd4+ 45. Kf3
Rd5 46. Rb6+ Kf5 47. b4 Kxg5 48. Ke4 Rd1 49. b5 Rb1 50. Kd5
Kf4 51. Rf6+ Ke3 52. b6 g5 53. Kc6 g4 54. Rg6 Kf3 55. b7 g3
56. Kc7 Rxb7+ 57. Kxb7 g2 58. Rxg2 1/2-1/2

[Event "European Club Cup"]
[Site "Kallithea GRE"]
[Date "2008.10.23"]
[EventDate "2008.10.17"]
[Round "7"]
[Result "0-1"]
[White "Sebastian Silva Lillo"]
[Black "Dmitry Andreikin"]
[WhiteElo "2369"]
[BlackElo "2603"]
[PlyCount "80"]

1. d4 Nf6 2. Nf3 b5 3. e3 a6 4. Bd3 Bb7 5. Nbd2 e6 6. O-O c5
7. c3 Nc6 8. Qe2 Qc7 9. a3 d5 10. b4 c4 11. Bc2 a5 12. Rb1
axb4 13. axb4 Bd6 14. e4 dxe4 15. Nxe4 Nxe4 16. Bxe4 Ne7
17. Bc2 Nd5 18. Bd2 Ra2 19. Rfc1 Nf4 20. Qe3 O-O 21. Ra1 Rfa8
22. Rxa2 Rxa2 23. Be4 Nd3 24. Bxd3 cxd3 25. Qxd3 Bxf3 26. gxf3
Bxh2+ 27. Kg2 Bd6 28. Be3 Qb7 29. d5 exd5 30. Rd1 Bf8 31. Qxd5
Qa6 32. Qd8 Qc6 33. Qd5 Qg6+ 34. Kf1 Qc2 35. Qd3 Qb3 36. Qd8
Qc4+ 37. Kg2 Ra6 38. Bc5 Rg6+ 39. Kh2 Qf4+ 40. Kh1 h6 0-1

[Event "Russian Championship Higher League"]
[Site "Ulan Ude RUS"]
[Date "2009.09.02"]
[EventDate "2009.09.02"]
[Round "1"]
[Result "1/2-1/2"]
[White "Vasily Yemelin"]
[Black "Dmitry Andreikin"]
[WhiteElo "2570"]
[BlackElo "2659"]
[PlyCount "142"]

1. e4 c5 2. Nf3 e6 3. d4 cxd4 4. Nxd4 a6 5. Bd3 Bc5 6. Nb3 Ba7
7. O-O Nc6 8. c4 Qh4 9. N1d2 d6 10. Nf3 Qe7 11. Qe2 e5 12. Be3
Bg4 13. Nbd2 Nd4 14. Bxd4 Bxd4 15. h3 Bxf3 16. Nxf3 Ba7 17. b4
Nf6 18. c5 O-O 19. a4 dxc5 20. b5 axb5 21. axb5 Bb6 22. Rxa8
Rxa8 23. Qb2 Re8 24. Qc2 Ba5 25. Bc4 g6 26. Rd1 b6 27. Nh2 Kg7
28. Ng4 Nxg4 29. hxg4 Rd8 30. Rxd8 Qxd8 31. g3 Qd7 32. Qe2 Bc3
33. Kg2 Bd4 34. Bb3 Qe7 35. Qf3 Qa7 36. Qe2 Qd7 37. Qc4 Qe7
38. Qe2 Qg5 39. Qc4 Qf6 40. Qe2 h5 41. gxh5 gxh5 42. Qf3 Qxf3+
43. Kxf3 Kg6 44. Ke2 f5 45. exf5+ Kxf5 46. f3 Kg5 47. Bd5 Kf6
48. Kf1 Be3 49. Ke2 Bh6 50. Kd3 Bc1 51. Ke2 Bb2 52. Kd3 Bd4
53. Ke2 Kg5 54. Kf1 Kf6 55. Ke2 Ke7 56. Bc4 e4 57. fxe4 Kf6
58. Kf3 Bc3 59. Be2 Bd2 60. Kf2 Ke5 61. Bxh5 Kxe4 62. Ke2 Bg5
63. Kd1 Kd3 64. Be8 c4 65. Bf7 Kc3 66. Be6 Kb3 67. Bf7 Kb4
68. Be8 Kc3 69. Bf7 Kb4 70. Be8 Kc3 71. Bf7 Kb4 1/2-1/2

[Event "Russian Championship Higher League"]
[Site "Ulan Ude RUS"]
[Date "2009.09.03"]
[EventDate "2009.09.02"]
[Round "2"]
[Result "1-0"]
[White "Dmitry Andreikin"]
[Black "Sergei Yudin"]
[WhiteElo "2659"]
[BlackElo "2599"]
[PlyCount "81"]

1. e4 d6 2. d4 Nf6 3. f3 e5 4. d5 Be7 5. Be3 Nh5 6. Nc3 Bg5
7. Bf2 g6 8. g4 Nf4 9. h4 Be7 10. Nge2 h5 11. Nxf4 exf4 12. g5
f6 13. gxf6 Bxf6 14. e5 Bxe5 15. Bd3 Bf5 16. Bxf5 gxf5 17. Qd3
Nd7 18. Rg1 Qf6 19. Nb5 Nc5 20. Nxc7+ Kd7 21. Bxc5 Kxc7
22. Bf2 Rae8 23. Kd2 Bxb2 24. Rab1 Re3 25. Bxe3 fxe3+ 26. Qxe3
Bd4 27. Qe6 Qxh4 28. Qf7+ Kd8 29. Rge1 Bb6 30. c3 Qf4+ 31. Kc2
Qa4+ 32. Kd3 Qa6+ 33. c4 Kc8 34. Re8+ Rxe8 35. Qxe8+ Kc7
36. Qe7+ Kc8 37. Qe8+ Kc7 38. a4 Bc5 39. Qe7+ Kc8 40. Qe8+ Kc7
41. Qf7+ 1-0

[Event "Russian Championship Higher League"]
[Site "Ulan Ude RUS"]
[Date "2009.09.05"]
[EventDate "2009.09.02"]
[Round "4"]
[Result "1/2-1/2"]
[White "Dmitry Andreikin"]
[Black "Pavel Maletin"]
[WhiteElo "2659"]
[BlackElo "2576"]
[PlyCount "50"]

1. d4 Nf6 2. c4 e6 3. Nf3 d5 4. Bg5 h6 5. Bxf6 Qxf6 6. Nc3 c6
7. e3 Nd7 8. Bd3 dxc4 9. Bxc4 g6 10. O-O Bg7 11. e4 e5 12. d5
Nb6 13. Bb3 Bg4 14. dxc6 bxc6 15. h3 Rd8 16. Qe2 Bxf3 17. Qxf3
Qxf3 18. gxf3 Rd3 19. Kg2 Ke7 20. Rfc1 Rc8 21. Nd1 c5 22. Ne3
h5 23. Nc4 Rd4 24. Rc3 Nxc4 25. Rxc4 Bh6 1/2-1/2

[Event "Russian Championship Higher League"]
[Site "Ulan Ude RUS"]
[Date "2009.09.06"]
[EventDate "2009.09.02"]
[Round "5"]
[Result "1/2-1/2"]
[White "Aleksandr Rakhmanov"]
[Black "Dmitry Andreikin"]
[WhiteElo "2588"]
[BlackElo "2659"]
[PlyCount "98"]

1. d4 g6 2. Nf3 Bg7 3. c4 d6 4. h3 e5 5. Bg5 f6 6. Bh4 Ne7
7. dxe5 dxe5 8. Qxd8+ Kxd8 9. Nc3 Nf5 10. O-O-O+ Nd7 11. Nxe5
Nxh4 12. Nf7+ Ke7 13. Nxh8 Bxh8 14. Nd5+ Kd8 15. Ne3 Ke7
16. Rd4 Nf5 17. Nxf5+ gxf5 18. Rh4 Nf8 19. e3 Bg7 20. Bd3 h6
21. b3 a5 22. a4 Kf7 23. g3 Ng6 24. Rh5 Ne7 25. Rd1 Be6
26. Bc2 Bf8 27. Rg1 Rd8 28. Rd1 Re8 29. Rh4 Kg7 30. Kb2 b6
31. Rh5 Bf7 32. Rh4 Be6 33. Rh5 Kf7 34. Rd2 Rb8 35. Rh4 Nc6
36. Rh5 Ne7 37. Rd1 Re8 38. Rd2 Bg7 39. Kb1 Bf8 40. Kb2 Bg7
41. Kb1 Rg8 42. Rd1 Re8 43. Rd2 Bf8 44. Kb2 Kg7 45. Rd1 Bf7
46. Rh4 Be6 47. Rh5 Bf7 48. Rh4 Be6 49. Rh5 Bf7 1/2-1/2

[Event "Russian Championship Higher League"]
[Site "Ulan Ude RUS"]
[Date "2009.09.07"]
[EventDate "2009.09.02"]
[Round "6"]
[Result "0-1"]
[White "Dmitry Andreikin"]
[Black "Dmitry Frolyanov"]
[WhiteElo "2659"]
[BlackElo "2557"]
[PlyCount "80"]

1. e4 e5 2. Nf3 Nf6 3. d4 Nxe4 4. Bd3 d5 5. Nxe5 Nd7 6. Nxd7
Bxd7 7. O-O Bd6 8. Nc3 Nxc3 9. bxc3 Qh4 10. Re1+ Be6 11. g3
Qh3 12. c4 dxc4 13. Bf1 Qf5 14. d5 Bc5 15. Bf4 O-O-O 16. dxe6
Rxd1 17. Raxd1 fxe6 18. Re5 Qf8 19. Bxc4 Bd6 20. Bxe6+ Kb8
21. Rf5 Qe7 22. Bb3 Bxf4 23. Rxf4 Rd8 24. Rxd8+ Qxd8 25. Rf7
c5 26. Rxg7 Qd1+ 27. Kg2 Qd4 28. Rg8+ Kc7 29. c4 b5 30. cxb5
c4 31. Bxc4 Qxc4 32. Rg5 Qxa2 33. h4 Qe2 34. Kg1 h6 35. Rf5
Kb6 36. Kh2 Qe4 37. Rh5 Qf3 38. Re5 Qxf2+ 39. Kh3 Qf6 40. Rh5
Qf1+ 0-1

[Event "Russian Championship Higher League"]
[Site "Ulan Ude RUS"]
[Date "2009.09.09"]
[EventDate "2009.09.02"]
[Round "7"]
[Result "1/2-1/2"]
[White "Azat Sharafiev"]
[Black "Dmitry Andreikin"]
[WhiteElo "2400"]
[BlackElo "2659"]
[PlyCount "70"]

1. d4 g6 2. c4 Bg7 3. Nc3 d6 4. Nf3 Bg4 5. h3 Bxf3 6. exf3 c6
7. Be3 Nf6 8. Be2 d5 9. c5 Nfd7 10. f4 Nxc5 11. dxc5 d4
12. Qb3 Qc7 13. Bd2 dxc3 14. Bxc3 O-O 15. Bxg7 Kxg7 16. Qc3+
Kg8 17. g3 Nd7 18. O-O Nf6 19. Bf3 Rfd8 20. Rfd1 a5 21. h4 Nd5
22. Qc4 e6 23. a3 Qe7 24. Rd2 Nc7 25. Rad1 Rxd2 26. Rxd2 Na6
27. Rd6 Nc7 28. Kg2 Nb5 29. Rd3 Rd8 30. a4 Rxd3 31. Qxd3 Nc7
32. Qd6 Kf8 33. Qe5 Kg8 34. Qd6 Kf8 35. Qe5 Kg8 1/2-1/2

[Event "Russian Championship Higher League"]
[Site "Ulan Ude RUS"]
[Date "2009.09.10"]
[EventDate "2009.09.02"]
[Round "8"]
[Result "1/2-1/2"]
[White "Dmitry Andreikin"]
[Black "Oleg Vladimirovich Nikolenko"]
[WhiteElo "2659"]
[BlackElo "2533"]
[PlyCount "117"]

1. Nf3 Nf6 2. c4 e6 3. Nc3 Bb4 4. g4 h6 5. Rg1 b6 6. Qc2 Bb7
7. a3 Bxc3 8. Qxc3 d6 9. b4 Nbd7 10. Bb2 c5 11. d4 Rc8
12. dxc5 bxc5 13. g5 hxg5 14. Nxg5 cxb4 15. axb4 Qb6 16. e3
Rxh2 17. Qd2 a6 18. Rd1 d5 19. c5 Qc7 20. Nxe6 fxe6 21. Rxg7
Qd8 22. Bd3 Kf8 23. Rg6 Kf7 24. Ke2 Qh8 25. Rdg1 Qh5+ 26. Ke1
Rh1 27. Rg7+ Kf8 28. f4 Qh4+ 29. Kd1 Rxg1+ 30. Rxg1 Ng4
31. Kc1 Ndf6 32. Qc3 Qf2 33. Re1 d4 34. exd4 Nd5 35. Qd2 Qxd2+
36. Kxd2 Nxb4 37. Ba3 a5 38. Bxb4 axb4 39. Rxe6 Bd5 40. Rd6
Bf3 41. Rb6 Ke7 42. Rxb4 Nf6 43. Rb1 Bd5 44. Re1+ Kf7 45. Ra1
Ra8 46. Rxa8 Bxa8 47. Bc4+ Nd5 48. Bxd5+ Bxd5 49. Kc3 Ke6
50. Kb4 Kf5 51. Kb5 Kxf4 52. c6 Kf5 53. c7 Bb7 54. d5 Kf6
55. Kc5 Ke7 56. Kb6 Bc8 57. Kc6 Bd7+ 58. Kb7 Kd6 59. Kb8
1/2-1/2

[Event "Russian Championship Higher League"]
[Site "Ulan Ude RUS"]
[Date "2009.09.11"]
[EventDate "2009.09.02"]
[Round "9"]
[Result "0-1"]
[White "Vladimir Belous"]
[Black "Dmitry Andreikin"]
[WhiteElo "2426"]
[BlackElo "2659"]
[PlyCount "102"]

1. d4 g6 2. c4 Bg7 3. Nf3 d6 4. Nc3 Bg4 5. e3 e5 6. d5 f5
7. Be2 Bxf3 8. Bxf3 e4 9. Be2 Bxc3+ 10. bxc3 Nd7 11. Qd4 Ngf6
12. f4 exf3 13. gxf3 Qe7 14. O-O b6 15. e4 O-O-O 16. Bg5 Rdf8
17. Bh6 Re8 18. Rae1 Nc5 19. Bg5 Rhf8 20. exf5 gxf5 21. Bd1
Qxe1 22. Rxe1 Rxe1+ 23. Kf2 Re5 24. Bf4 Re7 25. Bh6 Rg8
26. Bc2 Nfd7 27. Bxf5 Rge8 28. h4 Re2+ 29. Kg3 Rxa2 30. Bxh7
a5 31. h5 a4 32. Bg6 Ree2 33. Qg1 Nf6 34. Bg5 Nxh5+ 35. Bxh5
a3 36. Bc1 Ra1 37. Qf1 Re5 38. Qh3+ Kb7 39. Bxa3 Rxa3 40. Bg4
Re8 41. Bd7 Rg8+ 42. Kf4 Rf8+ 43. Kg5 Nxd7 44. Qxd7 Rxc3
45. Qc6+ Kb8 46. Kg6 Rcxf3 47. Kg7 R3f7+ 48. Kg6 Re7 49. Qa4
Re4 50. Qb5 Rf2 51. Kg5 Rc2 0-1

[Event "Spice Cup Playoff"]
[Site "Lubbock"]
[Date "2009.09.29"]
[EventDate "?"]
[Round "Playoff3"]
[Result "1/2-1/2"]
[White "Dmitry Andreikin"]
[Black "Rauf Mamedov"]
[WhiteElo "2659"]
[BlackElo "2626"]
[PlyCount "70"]

1.d4 Nf6 2.Bg5 d5 3.Nd2 g6 4.Bxf6 exf6 5.e3 Bg7 6.c4 c6 7.cxd5
cxd5 8.Ne2 Nc6 9.Nc3 O-O 10.g3 Re8 11.Nb3 a5 12.Bg2 a4 13.Nc1
a3 14.b3 Qa5 15.N1e2 Bg4 16.Qd2 Rac8 17.Nxd5 Qxd2 18.Kxd2 Bxe2
19.Kxe2 Nxd4 20.Kd3 Nc6 21.Rac1 f5 22.Ke2 Bb2 23.Rc4 b5 24.Nf6
Bxf6 25.Rxc6 Rxc6 26.Bxc6 Rc8 27.Rc1 Rc7 28.Rc2 b4 29.Rc4 Kf8
30.Kd3 Ke7 31.f4 Bc3 32.e4 fxe4 33.Rxe4 Kd6 34.Bb5 Re7 35.Bc4
Rxe4 1/2-1/2

[Event "Spice Cup Playoff"]
[Site "Lubbock"]
[Date "2009.09.29"]
[EventDate "?"]
[Round "Playoff4"]
[Result "0-1"]
[White "Rauf Mamedov"]
[Black "Dmitry Andreikin"]
[WhiteElo "2626"]
[BlackElo "2659"]
[PlyCount "68"]

1.e4 c5 2.Nf3 e6 3.c3 Nf6 4.e5 Nd5 5.d4 cxd4 6.cxd4 b6 7.Nc3
Bb7 8.Bd3 Na6 9.O-O Nab4 10.Bb1 Nxc3 11.bxc3 Nd5 12.c4 Nc3
13.Qd3 Nxb1 14.Rxb1 Rc8 15.Bg5 Be7 16.Bxe7 Qxe7 17.Nd2 O-O
18.Rbc1 d6 19.exd6 Qxd6 20.Nb3 Rfd8 21.Qe3 Ba6 22.c5 Qd5
23.Rfe1 Bc4 24.Red1 bxc5 25.Qc3 Bxb3 26.axb3 e5 27.Qa5 exd4
28.Qxa7 Qxb3 29.h3 d3 30.Rb1 Qe6 31.Re1 Qd7 32.Rb7 d2 33.Rd1
Qe6 34.Rc7 Qe1 0-1

[Event "Spice Cup Playoff"]
[Site "Lubbock"]
[Date "2009.09.29"]
[EventDate "?"]
[Round "Playoff5"]
[Result "1/2-1/2"]
[White "Dmitry Andreikin"]
[Black "Yuri Aleksandrovich Kuzubov"]
[WhiteElo "2659"]
[BlackElo "2636"]
[PlyCount "71"]

1.c4 Nf6 2.Nc3 e5 3.g3 Bb4 4.Bg2 O-O 5.e4 a6 6.Nge2 b5 7.cxb5
axb5 8.O-O c6 9.d4 d6 10.f4 Bg4 11.h3 exd4 12.hxg4 dxc3
13.bxc3 Bc5 14.Nd4 Re8 15.Re1 b4 16.g5 Nfd7 17.cxb4 Bxb4
18.Re3 Bc5 19.Kh2 f6 20.gxf6 Nxf6 21.Bb2 Kh8 22.Rd3 Qc8 23.Bh3
Qb7 24.Rb3 Qf7 25.Nf5 Nbd7 26.Nxd6 Bxd6 27.Qxd6 Rxe4 28.Qxc6
Rae8 29.Qb5 Re2 30.Bg2 Qg6 31.Bxf6 Nxf6 32.Rc1 Ng4 33.Kg1 h6
34.Bf3 R2e7 35.Qc6 Qf5 36.Bxg4 1/2-1/2

[Event "Spice Cup Playoff"]
[Site "Lubbock"]
[Date "2009.09.29"]
[EventDate "?"]
[Round "Playoff6"]
[Result "1-0"]
[White "Yuri Aleksandrovich Kuzubov"]
[Black "Dmitry Andreikin"]
[WhiteElo "2636"]
[BlackElo "2659"]
[PlyCount "96"]

1.d4 Nf6 2.c4 d6 3.Nf3 Nbd7 4.g3 e5 5.Bg2 Be7 6.O-O O-O 7.Nc3
Re8 8.e3 Bf8 9.Qc2 g6 10.Rd1 Bg7 11.b3 exd4 12.Nxd4 Nc5 13.b4
Ne6 14.c5 d5 15.Nxe6 Bxe6 16.e4 Nxe4 17.Bxe4 Qf6 18.Nxd5 Bxd5
19.Bxd5 Qxa1 20.Bxb7 Rad8 21.Rxd8 Rxd8 22.Kg2 Qc3 23.Qxc3 Bxc3
24.a3 a5 25.b5 Bd4 26.b6 c6 27.Bxc6 Bxc5 28.b7 Bd6 29.Bf4 Bxf4
30.gxf4 Rb8 31.Kf3 Kf8 32.Ke4 Ke7 33.Kd5 Rd8 34.Kc5 Rb8 35.a4
Rd8 36.h4 f6 37.Bf3 Kd7 38.Kb6 Kd6 39.Be4 Re8 40.Bf3 Rd8 41.h5
gxh5 42.Bxh5 Rf8 43.Bg4 Rb8 44.Bf5 h5 45.f3 h4 46.Bg4 Rxb7
47.Kxb7 Kc5 48.Kc7 Kb4 1-0

[Event "48th World Junior Championship"]
[Site "Puerto Madryn ARG"]
[Date "2009.10.23"]
[EventDate "2009.10.22"]
[Round "2"]
[Result "1/2-1/2"]
[White "Dmitry Andreikin"]
[Black "Babu M R Lalith"]
[WhiteElo "2659"]
[BlackElo "2477"]
[PlyCount "77"]

1. d4 Nf6 2. c4 e6 3. Nc3 Bb4 4. Bg5 c5 5. d5 d6 6. e3 h6
7. Bh4 e5 8. Nge2 O-O 9. a3 Ba5 10. Qc2 Bg4 11. f3 Bh5 12. g4
Bg6 13. e4 Nbd7 14. Bf2 a6 15. Nc1 b5 16. Nb3 Rb8 17. Nxa5
Qxa5 18. Qc1 bxc4 19. Bxc4 Nb6 20. Bb3 c4 21. Bc2 Nbd7 22. O-O
Nc5 23. Na2 Qb5 24. Nb4 Rfe8 25. Nc6 Rb7 26. a4 Qxb2 27. Na5
Rb4 28. Qxb2 Rxb2 29. Rac1 Nd3 30. Nxc4 Nxc1 31. Nxb2 Ne2+
32. Kh1 Nxd5 33. Bd3 Ndc3 34. Bxa6 Ra8 35. Bc4 Nf4 36. Ra1 Rb8
37. Nd3 Nxd3 38. Bxd3 d5 39. Be1 1/2-1/2

[Event "48th World Junior Championship"]
[Site "Puerto Madryn ARG"]
[Date "2009.10.24"]
[EventDate "2009.10.22"]
[Round "4"]
[Result "1/2-1/2"]
[White "Giorgi Margvelashvili"]
[Black "Dmitry Andreikin"]
[WhiteElo "2509"]
[BlackElo "2659"]
[PlyCount "78"]

1. d4 Nf6 2. c4 d6 3. Nc3 e5 4. Nf3 Nbd7 5. Bg5 Be7 6. e3 O-O
7. Be2 c6 8. O-O Ne8 9. Bxe7 Qxe7 10. Qc2 Nef6 11. b4 e4
12. Nd2 Re8 13. c5 d5 14. Rae1 Nf8 15. f3 exf3 16. Bxf3 Ne6
17. Qd3 Ng5 18. e4 dxe4 19. Bxe4 Be6 20. Qg3 Nh5 21. Qf2 Qd7
22. Bb1 Rad8 23. h4 Qxd4 24. Qxd4 Rxd4 25. hxg5 Rxd2 26. g4
Ng3 27. Rf3 Ne2+ 28. Rxe2 Rxe2 29. Nxe2 Bxg4 30. Kf2 Bxf3
31. Kxf3 a5 32. a3 axb4 33. axb4 Ra8 34. Bc2 Kf8 35. Nd4 g6
36. Ke4 Ke7 37. b5 cxb5 38. Nxb5 Ra1 39. Nd6 Rc1 1/2-1/2

[Event "48th World Junior Championship"]
[Site "Puerto Madryn ARG"]
[Date "2009.10.26"]
[EventDate "2009.10.22"]
[Round "6"]
[Result "1-0"]
[White "Dmitry Andreikin"]
[Black "Manuel Leon Hoyos"]
[WhiteElo "2659"]
[BlackElo "2516"]
[PlyCount "34"]

1. d4 Nf6 2. c4 e6 3. Nc3 Bb4 4. Qc2 d5 5. cxd5 exd5 6. Bg5 h6
7. Bxh6 gxh6 8. a3 Bxc3+ 9. Qxc3 c6 10. Nf3 O-O 11. e3 Re8
12. b4 Bf5 13. Be2 Nbd7 14. O-O Bg4 15. Rfc1 a6 16. a4 Nf8
17. b5 axb5 1-0

[Event "48th World Junior Championship"]
[Site "Puerto Madryn ARG"]
[Date "2009.10.27"]
[EventDate "2009.10.22"]
[Round "7"]
[Result "1-0"]
[White "Eduardo Patricio Iturrizaga Bonelli"]
[Black "Dmitry Andreikin"]
[WhiteElo "2605"]
[BlackElo "2659"]
[PlyCount "73"]

1. d4 Nf6 2. Nf3 e6 3. c4 b6 4. g3 Be7 5. Bg2 Bb7 6. O-O O-O
7. Re1 Na6 8. Ne5 d5 9. cxd5 exd5 10. Nc3 c5 11. dxc5 Nxc5
12. Be3 Re8 13. Nd3 d4 14. Nxc5 Bxg2 15. Bxd4 Bc6 16. Nb3 h5
17. e4 h4 18. Qf3 Nh7 19. Qg4 Bf6 20. Rad1 hxg3 21. hxg3 Ng5
22. Re3 Ne6 23. Bxf6 Qxf6 24. Rd6 Rac8 25. Nd4 Qe5 26. Nf5 g6
27. Rf3 Rc7 28. Nh6+ Kg7 29. Nxf7 Rxf7 30. Rxf7+ Kxf7 31. Rxc6
Ng5 32. Kg2 Rd8 33. f4 Rd2+ 34. Kf1 Nf3 35. Qxg6+ Ke7 36. Qh7+
Kd8 37. fxe5 1-0

[Event "48th World Junior Championship"]
[Site "Puerto Madryn ARG"]
[Date "2009.10.31"]
[EventDate "2009.10.22"]
[Round "10"]
[Result "1-0"]
[White "Dmitry Andreikin"]
[Black "Rinat Jumabayev"]
[WhiteElo "2659"]
[BlackElo "2548"]
[PlyCount "41"]

1. d4 Nf6 2. c4 e6 3. Nc3 Bb4 4. Qc2 c5 5. dxc5 Bxc5 6. Nf3
Qb6 7. e3 Qc7 8. g4 h6 9. Rg1 b6 10. g5 hxg5 11. Nb5 Qd8
12. Nxg5 Bf8 13. c5 Rh5 14. Nd6+ Bxd6 15. cxd6 Bb7 16. Nxf7
Be4 17. Qxe4 Nxe4 18. Nxd8 Kxd8 19. Bg2 Rg5 20. Kf1 Rxg2
21. Kxg2 1-0

[Event "World Junior Championship"]
[Site "Chotowa POL"]
[Date "2010.08.07"]
[EventDate "2010.08.03"]
[Round "5"]
[Result "1/2-1/2"]
[White "Jacek Tomczak"]
[Black "Dmitry Andreikin"]
[WhiteElo "2509"]
[BlackElo "2650"]
[PlyCount "29"]

1. e4 c5 2. Nf3 e6 3. d4 cxd4 4. Nxd4 a6 5. Bd3 Bc5 6. Nb3 Ba7
7. Qg4 Nf6 8. Qg3 d6 9. Nc3 Nc6 10. Bg5 h6 11. Bd2 e5 12. Nd5
Nh5 13. Qf3 Nf6 14. Qg3 Nh5 15. Qf3 1/2-1/2

[Event "World Junior Championship"]
[Site "Chotowa POL"]
[Date "2010.08.09"]
[EventDate "2010.08.03"]
[Round "6"]
[Result "1-0"]
[White "Dmitry Andreikin"]
[Black "A R Saleh Salem"]
[WhiteElo "2650"]
[BlackElo "2469"]
[PlyCount "73"]

1. e4 c6 2. c4 d5 3. exd5 cxd5 4. cxd5 Nf6 5. Nc3 Nxd5 6. Nf3
Nc6 7. Bb5 Nc7 8. Bxc6+ bxc6 9. d4 g6 10. Qa4 Qd6 11. O-O Bg7
12. b3 Ne6 13. Ba3 Qd7 14. Ne5 Bxe5 15. dxe5 Qb7 16. Rfd1 Bd7
17. Qe4 Rc8 18. Na4 Qb5 19. Rac1 Rc7 20. Nc5 Bc8 21. Qh4 h5
22. Ne4 c5 23. Nxc5 Nxc5 24. Bxc5 Bg4 25. Ba3 Qxe5 26. f3 Be6
27. Qa4+ Kf8 28. Rxc7 Qxc7 29. Rc1 Qb7 30. Qf4 Qa6 31. Bb2 f6
32. Bxf6 exf6 33. Qxf6+ Kg8 34. Qxg6+ Kf8 35. Qf6+ Kg8 36. Rd1
Qb6+ 37. Kh1 1-0